Účtovné súvzťažnosti od A do Z základné dielo
Uložené v:
| Hlavný autor: | |
|---|---|
| Ďalší autori: | , , |
| Médium: | Kniha |
| Jazyk: | Slovak |
| Vydavateľské údaje: |
Bratislava
Verlag Dashöfer
2012
|
| Predmet: | |
| Tagy: |
Žiadne tagy, Buďte prvý, kto otaguje tento záznam!
|
MARC
| LEADER | 00000nam$a2200000$$$4500 | ||
|---|---|---|---|
| 001 | 0163365 | ||
| 005 | 20240502072834.8 | ||
| 022 | |a 1335-5430 | ||
| 041 | 0 | |a slo | |
| 044 | |a SK | ||
| 245 | 1 | 0 | |a Účtovné súvzťažnosti od A do Z |b základné dielo |c Renáta Silná, Renáta Pakšiová, Veronika Dubielová, Ján Solík |
| 264 | 1 | |a Bratislava |b Verlag Dashöfer |c 2012 | |
| 300 | |a 180 s. [4,905 AH] |e 5 príl. | ||
| 610 | 2 | 0 | |a účtovníctvo |
| 610 | 2 | 0 | |a účtovníctvo podvojné |
| 610 | 2 | 0 | |a dane |
| 610 | 2 | 0 | |a účtovanie |
| 610 | 2 | 0 | |a majetok dlhodobý |
| 610 | 2 | 0 | |a zásoby |
| 610 | 2 | 0 | |a účty finančné |
| 610 | 2 | 0 | |a vzťahy zúčtovacie |
| 610 | 2 | 0 | |a účty kapitálové |
| 610 | 2 | 0 | |a náklady |
| 610 | 2 | 0 | |a výnosy |
| 610 | 2 | 0 | |a účtovníctvo nákladové |
| 610 | 2 | 0 | |a kalkulácia |
| 610 | 2 | 0 | |a výroba zákazková |
| 610 | 2 | 0 | |a položky opravné |
| 610 | 2 | 0 | |a pohľadávky |
| 610 | 2 | 0 | |a rozdiely kurzové |
| 610 | 2 | 0 | |a preddavky |
| 610 | 2 | 0 | |a tržby |
| 100 | 1 | |a Silná, Renáta, 1981- | |
| 700 | 1 | |a Pakšiová, Renáta, 1974- | |
| 700 | 1 | |a Dubielová, Veronika | |
| 700 | 1 | |a Solík, Ján | |